[Event "GER-ch U18 Girls"]
[Site "Magdeburg"]
[Date "2014.06.14"]
[Round "9"]
[White "Gast, Antonia"]
[Black "Tobianski, Karina"]
[Result "1/2-1/2"]
[WhiteElo "1550"]
[BlackElo "1424"]
[PlyCount "48"]
[EventDate "2014.06.08"]
[EventType "swiss"]
[EventRounds "9"]
[EventCountry "GER"]
[SourceTitle "CBM 160 Extra"]
[Source "ChessBase"]
[SourceDate "2014.07.01"]
[SourceVersion "1"]
[SourceVersionDate "2014.07.01"]
[SourceQuality "1"]

1. d4 d5 2. e3 e6 3. Bd3 c6 4. c3 Be7 5. Nd2 f5 6. Ngf3 Nf6 7. Ne5 0-0 8. 0-0 Bd7 9. f4 Be8 10. Be2 Nbd7 11. b3 Rc8 12. Bb2 Bf7 13. Nxf7 Rxf7 14. Rf3 Ne4 15. Nxe4 fxe4 16. Rh3 Nf6 17. Kh1 Qd7 18. Bg4 Nxg4 19. Qxg4 Rf6 20. Rf1 Rcf8 21. Qh5 Rh6 22. Qg4 Rg6 23. Qh5 Rh6 24. Qg4 Rg6 1/2-1/2

[Event "GER-ch U18 Girls"]
[Site "Magdeburg"]
[Date "2014.06.09"]
[Round "3"]
[White "Wulf, Constanze"]
[Black "Tobianski, Karina"]
[Result "1-0"]
[WhiteElo "1578"]
[BlackElo "1424"]
[PlyCount "85"]
[EventDate "2014.06.08"]
[EventType "swiss"]
[EventRounds "9"]
[EventCountry "GER"]
[SourceTitle "CBM 160 Extra"]
[Source "ChessBase"]
[SourceDate "2014.07.01"]
[SourceVersion "1"]
[SourceVersionDate "2014.07.01"]
[SourceQuality "1"]

1. d4 Nf6 2. c4 Nc6 3. Nf3 e6 4. Bg5 d6 5. Nc3 Be7 6. e4 e5 7. h3 0-0 8. Be2 Re8 9. 0-0 exd4 10. Nxd4 Bd7 11. Re1 h6 12. Bh4 Ne5 13. Bg3 Ng6 14. Qc2 Ne5 15. Rad1 Rc8 16. Nf5 Bxf5 17. exf5 Nfd7 18. Nd5 Nc6 19. a3 Bh4 20. Bxh4 Qxh4 21. Bf1 Nce5 22. Re3 Nb6 23. Rde1 Nxd5 24. cxd5 Red8 25. Rc3 c5 26. b4 b6 27. bxc5 bxc5 28. Rb1 Rc7 29. Rcb3 Qe7 30. Re3 Qf6 31. Reb3 Qe7 32. R1b2 Rdc8 33. Rb8 Qd8 34. R8b7 Nd7 35. R7b3 Nb6 36. Ba6 Rb8 37. a4 Qe7 38. a5 Qe1+ 39. Bf1 Qxa5 40. Rb5 Qa3 41. Ra2 Qxa2 42. Qxa2 Rbc8 43. Bc4 1-0

[Event "GER-ch U18 Girls"]
[Site "Oberhof"]
[Date "2013.05.20"]
[Round "3"]
[White "Halas, Julia"]
[Black "Tobianski, Karina"]
[Result "1-0"]
[WhiteElo "1576"]
[BlackElo "1498"]
[PlyCount "55"]
[EventDate "2013.05.19"]
[EventType "swiss"]
[EventRounds "9"]
[EventCountry "GER"]
[SourceTitle "CBM 154 Extra"]
[Source "ChessBase"]
[SourceDate "2013.06.25"]
[SourceVersion "2"]
[SourceVersionDate "2013.06.25"]
[SourceQuality "1"]

1. d4 d5 2. c4 e6 3. Nc3 c6 4. Nf3 f5 5. Bg5 Nf6 6. e3 Be7 7. Bd3 0-0 8. 0-0 Nbd7 9. cxd5 cxd5 10. Rc1 Nb6 11. Qe2 Bd7 12. Rc2 Rc8 13. Rfc1 a6 14. Ne5 Be8 15. Rb1 Bh5 16. Qe1 h6 17. Bh4 g5 18. Bg3 Ne4 19. f3 Nf6 20. b4 Nfd7 21. a4 f4 22. exf4 gxf4 23. Nxd7 Qxd7 24. Bh4 Rf7 25. Bxe7 Qxe7 26. Qe5 Qg5 27. Qxe6 Nc4 28. Qxc8+ 1-0

[Event "GER-ch U16 Girls"]
[Site "Oberhof"]
[Date "2011.06.14"]
[Round "4"]
[White "Tobianski, Karina"]
[Black "Wulf, Constanze"]
[Result "0-1"]
[WhiteElo "1262"]
[BlackElo "1296"]
[PlyCount "72"]
[EventDate "2011.06.11"]
[EventType "swiss"]
[EventRounds "9"]
[EventCountry "GER"]
[SourceTitle "CBM 142 Extra"]
[Source "ChessBase"]
[SourceDate "2011.06.27"]
[SourceVersion "1"]
[SourceVersionDate "2011.06.27"]
[SourceQuality "1"]

1. e4 c5 2. c3 d5 3. exd5 Qxd5 4. d4 Nc6 5. Nf3 Bg4 6. dxc5 Qxd1+ 7. Kxd1 e5 8. b4 a5 9. Bb5 Nge7 10. Kc2 axb4 11. cxb4 0-0-0 12. a3 Bxf3 13. Bxc6 Bxc6 14. f3 Nd5 15. Re1 Ba4+ 16. Kb2 g6 17. Bd2 Bg7 18. Nc3 Nxb4 19. axb4 Rxd2+ 20. Kc1 Rc2+ 21. Kb1 Rxc3 22. Rxa4 Kc7 23. Re4 f5 24. Re2 Re8 25. Rc2 Rb3+ 26. Ka2 Rd3 27. b5 Bh6 28. c6 Rd2 29. Rxd2 Bxd2 30. cxb7 Kxb7 31. Ra6 Ra8 32. Rxa8 Kxa8 33. Ka3 Kb7 34. Ka4 Kb6 35. h3 e4 36. fxe4 fxe4 0-1